Maggior numero di Presenze agli Europei - Statistics

Statistiche generali
  • Questo quiz è stato fatto 26 volte
    7 dall'ultimo reset
  • Il punteggio medio è 8 su 13
Statistiche sulle risposte
Nazione Numero di presenze Edizioni in cui ha partecipato Calciatore % Corretto
Portogallo 30 2004, 2008, 2012, 2016, 2020 Cristiano Ronaldo
100%
Italia 17 2004, 2008, 2012, 2016 Gianluigi Buffon
86%
Germania 20 2012, 2016, 2020, 2024 Manuel Neuer
86%
Germania 17 2012, 2016, 2020, 2024 Thomas Müller
86%
Italia 17 2008, 2012, 2016, 2020 Giorgio Chiellini
71%
Portogallo 23 2008, 2012, 2016, 2020 Pepe
71%
Germania 20 2012, 2016, 2020, 2024 Toni Kroos
71%
Francia 17 2016, 2020, 2024 Antoine Griezmann
57%
Italia 18 2012, 2016, 2020 Leonardo Bonucci
57%
Inghilterra 18 2016, 2020, 2024 Harry Kane
43%
Spagna 17 2016, 2020, 2024 Álvaro Morata
29%
Germania 18 2004, 2008, 2012, 2016 Bastian Schweinsteiger
29%
Portogallo 19 2008, 2012, 2016, 2020 João Moutinho
29%
Nessun quiz corrispondente trovato
Distribuzione punteggi
Percentuale di utenti per punteggio
Percentile per numero di risposta
I tuoi punteggi nel tempo
Non hai fatto questo quiz dall'ultimo reset